Trabajo y democracia hoy /
Guardat en:
| Autor corporatiu: | |
|---|---|
| Format: | Publicació Periòdica |
| Idioma: | espanyol |
| Matèries: | |
| Etiquetes: |
Sense etiquetes, Sigues el primer a etiquetar aquest registre!
|
MARC
| LEADER | 00000nas^a2200000^a^4500 | ||
|---|---|---|---|
| 001 | 000279590 | ||
| 005 | 20260206152456.0 | ||
| 009 | 20260310111439.274 | ||
| 037 | |a Acervo Xavier Clavigero | ||
| 041 | |a ESP | ||
| 094 | |a 124 FXC | ||
| 222 | 0 | |a Trabajo y democracia hoy / | |
| 245 | 0 | 0 | |a Trabajo y democracia hoy / |
| 264 | |a México : |b Centro Nacional de Promoción Social |c 1991- | ||
| 300 | |a volúmenes | ||
| 310 | |a Bimestral | ||
| 336 | |a texto |b txt |2 rdacontenido | ||
| 337 | |a sin mediación |b n |2 rdamedio | ||
| 338 | |a volumen |b nc |2 rdasoporte | ||
| 362 | |a No. 0 (mar. 1991)- | ||
| 599 | |a La numeración de las revistas del Fondo Xavier Clavigero se están adecuando al acomodo en que quedaron en el traslado al ITESO y por lo tanto comienza la numeración a partir del 1 acompañadas de FXC desde este primer semestre de 2008. Las revistas que se dieron de alta anteriormente se irán incorporando a esta numeración. | ||
| 599 | |a No vigente |b Canje | ||
| 649 | |a XX | ||
| 650 | |a Sociología Laboral - |x Publicaciones Periódicas Mexicanas - |x Tema Principal | ||
| 650 | |a Trabajo - |x Publicaciones Periódicas Mexicanas - |x Tema Principal | ||
| 650 | |a Publicaciones Periódicas Mexicanas | ||
| 710 | |a Centro Nacional de Promoción Social (México) | ||
| 910 | |a Fondo General | ||
| 920 | |a Impresos - Publicaciones Periódicas | ||
| 905 | |a 105 | ||
| 902 | |a https://opac.biblio.iteso.mx/vufind/Record/000279590 | ||